[Event "Mundial Juvenil femenino 2005 s18"]
[Site "Belfort FRA"]
[Date "2005.07.27"]
[Round "8.13"]
[White "Mar, Karmen"]
[Black "Ross, Laura"]
[Result "1/2-1/2"]
[WhiteElo "2134"]
[BlackElo "2170"]
[PlyCount "121"]
[EventDate "2005.07.19"]
[EventType "swiss"]
[EventRounds "11"]
[EventCountry "FRA"]
[Source "lmi"]
[SourceDate "2005.07.31"]

1. e4 c5 2. Nf3 Nc6 3. Bb5 g6 4. Bxc6 dxc6 5. d3 Bg7 6. Nc3 e5 7. Be3 Qe7 8. h3
Nf6 9. Qd2 h6 10. Nh2 g5 11. h4 g4 12. Nf1 Nh5 13. Ng3 Nxg3 14. fxg3 Be6 15. b3
b6 16. O-O Rd8 17. Qc1 Qd6 18. Kh2 Bc8 19. a4 O-O 20. Qe1 a5 21. Rd1 Qg6 22.
Nb1 Be6 23. Nd2 Kh7 24. Rb1 f5 25. exf5 Bxf5 26. Rf2 Bf6 27. Re2 Rg8 28. Bf2
Rg7 29. Nc4 Qh5 30. Re3 Rdg8 31. Nxe5 Bg5 32. Re4 Bxe4 33. Qxe4+ Kh8 34. Kg1
Bf6 35. Nxc6 Qe8 36. Qd5 Qd7 37. Qxd7 Rxd7 38. Re1 Rc8 39. Ne5 Bxe5 40. Rxe5
Rc6 41. Be3 Kh7 42. Re4 Rf6 43. Rxg4 Re7 44. Re4 Rxe4 45. dxe4 Re6 46. Kf2 Rxe4
47. Kf3 Re6 48. g4 Kg6 49. h5+ Kg7 50. g5 hxg5 51. Bxg5 Rc6 52. Ke3 c4 53. Kd2
cxb3 54. cxb3 b5 55. axb5 Rc5 56. h6+ Kg6 57. Bf4 Rxb5 58. Kc3 Rf5 59. g3 Rc5+
60. Kb2 Rd5 61. Kc3 1/2-1/2

[Event "Mundial Juvenil femenino 2005 s18"]
[Site "Belfort FRA"]
[Date "2005.07.27"]
[Round "8.15"]
[White "Sarquis, Maria Belen"]
[Black "Kanzler, Karina Daniela"]
[Result "1-0"]
[WhiteElo "2149"]
[BlackElo "1599"]
[PlyCount "53"]
[EventDate "2005.07.19"]
[EventType "swiss"]
[EventRounds "11"]
[EventCountry "FRA"]
[Source "lmi"]
[SourceDate "2005.07.31"]

1. e4 e5 2. Nf3 Nc6 3. Bc4 Bc5 4. c3 Nf6 5. d3 h6 6. Nbd2 O-O 7. O-O d6 8. Bb3
Bg4 9. h3 Bh5 10. Re1 Qd7 11. Nf1 Kh8 12. Ng3 Bg6 13. Nh4 Ne7 14. Qf3 Nh7 15.
Nhf5 Bxf5 16. exf5 c6 17. f6 Nxf6 18. Bxh6 Nh7 19. d4 exd4 20. Rxe7 Qxe7 21.
Nf5 Qf6 22. Bxg7+ Qxg7 23. Nxg7 Kxg7 24. cxd4 Bb6 25. Re1 d5 26. Bc2 Bc7 27.
Qg4+ 1-0

[Event "Mundial Juvenil femenino 2005 s18"]
[Site "Belfort FRA"]
[Date "2005.07.27"]
[Round "8.16"]
[White "Kulovana, Eva"]
[Black "Smith, Olivia"]
[Result "0-1"]
[WhiteElo "2137"]
[BlackElo "1955"]
[PlyCount "78"]
[EventDate "2005.07.19"]
[EventType "swiss"]
[EventRounds "11"]
[EventCountry "FRA"]
[Source "lmi"]
[SourceDate "2005.07.31"]

1. e4 e5 2. Nf3 Nf6 3. Nxe5 d6 4. Nf3 Nxe4 5. d4 d5 6. Bd3 Be7 7. O-O Nc6 8. c4
Nf6 9. Nc3 O-O 10. Bg5 dxc4 11. Bxc4 Bg4 12. Be3 a6 13. h3 Bh5 14. g4 Bg6 15.
Ne5 Na5 16. Be2 Nd5 17. Qa4 b5 18. Qd1 Nxe3 19. fxe3 Bg5 20. Qd2 Qd6 21. Bf3
Rad8 22. Qf2 c5 23. Nxg6 cxd4 24. Ne4 dxe3 25. Qe1 Qxg6 26. Qxa5 f5 27. gxf5
Rxf5 28. Bg2 Rxf1+ 29. Rxf1 e2 30. Re1 Rd1 31. Qc3 Be3+ 32. Kh1 Qh5 33. Ng3 Qh4
34. Kh2 Rxe1 35. Qxe1 Bf4 36. Bd5+ Kh8 37. Qxe2 Qxg3+ 38. Kh1 Qxh3+ 39. Kg1
Be3+ 0-1

[Event "Mundial Juvenil femenino 2005 s18"]
[Site "Belfort FRA"]
[Date "2005.07.27"]
[Round "8.17"]
[White "Maupin, Valerie"]
[Black "Vinuthna, N."]
[Result "0-1"]
[WhiteElo "1996"]
[BlackElo "2268"]
[PlyCount "90"]
[EventDate "2005.07.19"]
[EventType "swiss"]
[EventRounds "11"]
[EventCountry "FRA"]
[Source "lmi"]
[SourceDate "2005.07.31"]

1. d4 g6 2. c4 Bg7 3. Nc3 d6 4. e4 Nf6 5. f4 O-O 6. Nf3 Na6 7. Be2 e5 8. dxe5
dxe5 9. Qxd8 Rxd8 10. Nxe5 Nc5 11. Bf3 Be6 12. O-O Nfd7 13. Nxd7 Bd4+ 14. Kh1
Rxd7 15. Nd5 c6 16. Be3 cxd5 17. Bxd4 dxe4 18. Bxc5 exf3 19. Rxf3 Bxc4 20. Rc3
Bd5 21. a3 Bc6 22. Be3 Rad8 23. Kg1 f5 24. Kf2 Rd2+ 25. Bxd2 Rxd2+ 26. Kf1
Bxg2+ 27. Kg1 Bc6 28. b4 Rg2+ 29. Kf1 Rxh2 30. Rac1 Rh4 31. Rc4 Bb5 32. Kg2
Rg4+ 33. Kf3 Bxc4 34. Rxc4 h5 35. Rc8+ Kg7 36. Rc7+ Kh6 37. Rxb7 h4 38. Rxa7
Rg3+ 39. Kf2 Rb3 40. Kg2 Kh5 41. Ra6 Rg3+ 42. Kf2 Rb3 43. Kg2 Rb2+ 44. Kf3 h3
45. Ra8 Rb3+ 0-1

[Event "Mundial Juvenil femenino 2005 s18"]
[Site "Belfort FRA"]
[Date "2005.07.27"]
[Round "8.18"]
[White "Swaminathan, Soumya"]
[Black "Iza Abete, Amaia"]
[Result "1-0"]
[WhiteElo "2166"]
[BlackElo "1992"]
[PlyCount "35"]
[EventDate "2005.07.19"]
[EventType "swiss"]
[EventRounds "11"]
[EventCountry "FRA"]
[Source "lmi"]
[SourceDate "2005.07.31"]

1. e4 e5 2. Nf3 Nc6 3. Bb5 a6 4. Ba4 Nf6 5. O-O Bc5 6. Nxe5 Nxe5 7. d4 Qe7 8.
Nc3 Ba7 9. dxe5 Qxe5 10. Qf3 O-O 11. Bf4 Qa5 12. e5 Ne8 13. Rad1 Qb4 14. Bb3 d6
15. a3 Qb6 16. Na4 Qa5 17. exd6 Nxd6 18. Rd5 1-0

[Event "Mundial Juvenil femenino 2005 s18"]
[Site "Belfort FRA"]
[Date "2005.07.27"]
[Round "8.20"]
[White "Estrada Gaspar, Nelly"]
[Black "Martirosyan, Lia"]
[Result "0-1"]
[WhiteElo "1994"]
[BlackElo "2120"]
[PlyCount "103"]
[EventDate "2005.07.19"]
[EventType "swiss"]
[EventRounds "11"]
[EventCountry "FRA"]
[Source "lmi"]
[SourceDate "2005.07.31"]

1. f4 d5 2. e3 c5 3. Nf3 Nf6 4. b3 Bg4 5. Bb2 e6 6. Bb5+ Nc6 7. Bxc6+ bxc6 8.
d3 Bd6 9. O-O O-O 10. Nbd2 Nd7 11. Qe1 f6 12. Qh4 Bxf3 13. Rxf3 Qe7 14. Rh3 g6
15. Nf3 Rf7 16. e4 d4 17. Bc1 Rd8 18. Bd2 Rg7 19. Qe1 f5 20. e5 Bc7 21. Qe2 Nb6
22. c4 Ra8 23. Be1 Bd8 24. Qb2 Nd7 25. Qa3 Qe8 26. Qb2 Be7 27. Kh1 Qd8 28. Bd2
Nf8 29. Rg1 h5 30. Qc1 a5 31. Be1 a4 32. Bh4 Bxh4 33. Nxh4 axb3 34. axb3 Qb6
35. Qc2 Ra3 36. Rb1 Rb7 37. Kg1 Qa5 38. Nf3 Qc3 39. Qd1 Raxb3 40. Rxb3 Rxb3 41.
Ne1 Ra3 42. Kf1 Nd7 43. Rf3 Nb6 44. Rf2 Ra1 45. Qd2 Na4 46. g3 Nb2 47. Kg2 Qxd2
48. Rxd2 Nxc4 49. dxc4 Rxe1 50. Rc2 Kf7 51. Kf2 Re3 52. Kf1 0-1

[Event "Mundial Juvenil femenino 2005 s18"]
[Site "Belfort FRA"]
[Date "2005.07.28"]
[Round "9.1"]
[White "Batkhuyag, Munguntuul"]
[Black "Melia, Salome"]
[Result "0-1"]
[WhiteElo "2391"]
[BlackElo "2305"]
[PlyCount "102"]
[EventDate "2005.07.19"]
[EventType "swiss"]
[EventRounds "11"]
[EventCountry "FRA"]
[Source "lmi"]
[SourceDate "2005.07.31"]

1. e4 c6 2. d4 d5 3. Nc3 dxe4 4. Nxe4 Bf5 5. Ng3 Bg6 6. h4 h6 7. Nf3 Nd7 8. h5
Bh7 9. Bd3 Bxd3 10. Qxd3 e6 11. Bd2 Ngf6 12. O-O-O Be7 13. Ne4 O-O 14. Kb1 c5
15. Nxf6+ Nxf6 16. Rhg1 Qd5 17. g4 c4 18. Qe3 Ne4 19. Bc1 c3 20. b3 Rfc8 21.
Ne5 a5 22. f3 Nd6 23. Rd3 a4 24. Rxc3 Rxc3 25. Qxc3 axb3 26. cxb3 Nb5 27. Qc4
Qxc4 28. Nxc4 Nc3+ 29. Kb2 Nxa2 30. Bd2 Nb4 31. Bxb4 Bxb4 32. Rd1 Be7 33. Ra1
Rxa1 34. Kxa1 g6 35. Kb2 gxh5 36. gxh5 Kg7 37. Ne3 Kf6 38. f4 Kg7 39. Kc3 Bd6
40. f5 Kf6 41. fxe6 fxe6 42. d5 exd5 43. Nxd5+ Kg5 44. Kc4 Kxh5 45. Kb5 Kg5 46.
Kb6 h5 47. Nc3 h4 48. Ne4+ Kf4 49. Nf2 Kf3 50. Nh3 Bf4 51. Kxb7 Be3 0-1

[Event "Mundial Juvenil femenino 2005 s18"]
[Site "Belfort FRA"]
[Date "2005.07.28"]
[Round "9.2"]
[White "Kovanova, Baira"]
[Black "Zawadzka, Jolanta"]
[Result "1/2-1/2"]
[WhiteElo "2321"]
[BlackElo "2402"]
[PlyCount "37"]
[EventDate "2005.07.19"]
[EventType "swiss"]
[EventRounds "11"]
[EventCountry "FRA"]
[Source "lmi"]
[SourceDate "2005.07.31"]

1. e4 c5 2. Nf3 d6 3. g3 g6 4. Bg2 Bg7 5. O-O Nc6 6. c3 e6 7. d4 cxd4 8. cxd4
Nge7 9. Nc3 O-O 10. Re1 Bd7 11. Bf4 e5 12. dxe5 dxe5 13. Be3 Bg4 14. h3 Bxf3
15. Qd2 Be2 16. Qxe2 Nd4 17. Qf3 Nd5 18. Bxd4 exd4 19. Qd1 1/2-1/2

[Event "Mundial Juvenil femenino 2005 s18"]
[Site "Belfort FRA"]
[Date "2005.07.28"]
[Round "9.4"]
[White "Dauletova, Gulmira"]
[Black "Hoang, Thi Bao Tram"]
[Result "0-1"]
[WhiteElo "2122"]
[BlackElo "2267"]
[PlyCount "72"]
[EventDate "2005.07.19"]
[EventType "swiss"]
[EventRounds "11"]
[EventCountry "FRA"]
[Source "lmi"]
[SourceDate "2005.07.31"]

1. e4 c5 2. Nf3 e6 3. d3 Nc6 4. g3 g6 5. Bg2 Bg7 6. O-O Nge7 7. c3 d6 8. Be3
O-O 9. Nbd2 b6 10. d4 Bb7 11. Re1 Rc8 12. h4 cxd4 13. Nxd4 Ne5 14. Qe2 h5 15.
Bh3 Nd7 16. Bg5 Nc5 17. Qe3 Kh7 18. b4 Na4 19. Rac1 a6 20. f4 Qc7 21. Bxe7 Qxe7
22. f5 exf5 23. Qd3 Qf6 24. Nxf5 gxf5 25. Bxf5+ Kg8 26. Nc4 Rcd8 27. Rf1 Qh6
28. Ne3 Rfe8 29. c4 Nb2 30. Qd2 Bd4 31. Rce1 Bxe4 32. Kh2 Bxf5 33. Nxf5 Qxd2+
34. Kh3 Rxe1 35. Nh6+ Qxh6 36. Rxe1 Qf6 0-1

[Event "Mundial Juvenil femenino 2005 s18"]
[Site "Belfort FRA"]
[Date "2005.07.28"]
[Round "9.5"]
[White "Itkis, Khana"]
[Black "Majdan, Joanna"]
[Result "0-1"]
[WhiteElo "2117"]
[BlackElo "2219"]
[PlyCount "106"]
[EventDate "2005.07.19"]
[EventType "swiss"]
[EventRounds "11"]
[EventCountry "FRA"]
[Source "lmi"]
[SourceDate "2005.07.31"]

1. c4 e5 2. Nc3 Nf6 3. Nf3 Nc6 4. a3 g6 5. g3 Bg7 6. Bg2 O-O 7. d3 d6 8. O-O h6
9. Rb1 Be6 10. b4 Qd7 11. b5 Nd8 12. Re1 Bh3 13. Bh1 Ng4 14. a4 f5 15. Qb3 Kh7
16. c5 Ne6 17. cxd6 cxd6 18. Ba3 Rac8 19. Rec1 e4 20. dxe4 Rxc3 21. Rxc3 fxe4
22. Rd1 exf3 23. Rxf3 Nd4 24. Rxd4 Rxf3 25. exf3 Bxd4 26. fxg4 Qe7 27. Qd1 Qe3
28. Qf1 Qd2 29. Bg2 Bxg4 30. Bc1 Bxf2+ 31. Qxf2 Qxc1+ 32. Bf1 Qc5 33. a5 Kg7
34. Bg2 b6 35. axb6 axb6 36. Bf1 Bf5 37. Qxc5 dxc5 38. Kf2 Kf6 39. Ke3 Ke5 40.
Bc4 Be6 41. Bd3 g5 42. Be2 Bd7 43. Bc4 Be8 44. Kd3 Bg6+ 45. Ke3 Be4 46. Be2 Kd5
47. Bh5 Bf5 48. Bf7+ Be6 49. Be8 Kc4 50. Ke4 Kb4 51. h4 gxh4 52. gxh4 Bc4 53.
Kf5 Bxb5 0-1

[Event "Mundial Juvenil femenino 2005 s18"]
[Site "Belfort FRA"]
[Date "2005.07.28"]
[Round "9.7"]
[White "Szczepkowska, Karina"]
[Black "Sarquis, Maria Belen"]
[Result "1-0"]
[WhiteElo "2245"]
[BlackElo "2149"]
[PlyCount "117"]
[EventDate "2005.07.19"]
[EventType "swiss"]
[EventRounds "11"]
[EventCountry "FRA"]
[Source "lmi"]
[SourceDate "2005.07.31"]

1. e4 c5 2. g3 Nc6 3. Bg2 g6 4. f4 Bg7 5. d3 d6 6. Nf3 e5 7. O-O Nge7 8. f5
gxf5 9. Nh4 f4 10. Qh5 Be6 11. Nf5 Bf6 12. Nc3 Nd4 13. Nxd4 cxd4 14. Nd5 Ng6
15. gxf4 exf4 16. Nxf4 Qe7 17. Nxe6 Qxe6 18. Qb5+ Kf8 19. Bh6+ Kg8 20. Qf5 Bg7
21. Bd2 Rc8 22. Bh3 Qxf5 23. exf5 Rxc2 24. Bb4 Ne5 25. Bxd6 Bf6 26. Rae1 Nxd3
27. Rf3 Bh4 28. Re8+ Kg7 29. f6+ Bxf6 30. Rxh8 Ne1 31. Rxh7+ Kxh7 32. Rxf6 d3
33. Rxf7+ Kg6 34. Rf1 Rc1 35. Bf5+ Kh5 36. Bb4 Nf3+ 37. Kf2 d2 38. Bxd2 Rxf1+
39. Kxf1 Nxd2+ 40. Ke2 Nc4 41. b3 Nd6 42. Bd7 Kh4 43. Kd3 Kg5 44. Kd4 Kf6 45.
Kd5 Ke7 46. Bg4 Nb5 47. a4 Nc7+ 48. Ke5 Na6 49. h4 Nc5 50. Bd1 Nd7+ 51. Kf5 Kf7
52. Bf3 Nc5 53. Bd5+ Kg7 54. Ke5 b6 55. Kd6 Kh6 56. Kc7 Kh5 57. Kb8 a6 58. Ka7
b5 59. a5 1-0

[Event "Mundial Juvenil femenino 2005 s18"]
[Site "Belfort FRA"]
[Date "2005.07.28"]
[Round "9.9"]
[White "Raeva, Elitsa"]
[Black "Markantonaki, Haritomeni"]
[Result "1-0"]
[WhiteElo "2191"]
[BlackElo "2115"]
[PlyCount "105"]
[EventDate "2005.07.19"]
[EventType "swiss"]
[EventRounds "11"]
[EventCountry "FRA"]
[Source "lmi"]
[SourceDate "2005.07.31"]

1. d4 Nf6 2. c4 e6 3. Nf3 b6 4. Bg5 Bb7 5. e3 Be7 6. Nbd2 O-O 7. Bd3 c5 8. O-O
d6 9. Qc2 h6 10. Bh4 Nbd7 11. Rad1 Rc8 12. Qb1 Qc7 13. a3 Rfe8 14. h3 Nh5 15.
Bxe7 Rxe7 16. b4 cxd4 17. Nxd4 a6 18. Be4 Nhf6 19. Bxb7 Qxb7 20. b5 d5 21. cxd5
exd5 22. Nf5 Re6 23. Nf3 Ne4 24. Qb2 Ndf6 25. N3d4 Ree8 26. f3 Nc3 27. Rc1 Na4
28. Qb4 Rxc1 29. Rxc1 Nc5 30. Nd6 Qb8 31. Nxe8 Qxe8 32. Rc3 a5 33. Qb1 Na4 34.
Rc6 Qxe3+ 35. Kh1 g6 36. Nf5 Qe5 37. f4 Qxf4 38. Rxf6 gxf5 39. Rxf5 Qc4 40. Qd1
Nc3 41. Qh5 d4 42. Qxh6 Ne4 43. Qf4 d3 44. Rg5+ Kf8 45. Qb8+ Ke7 46. Re5+ Kf6
47. Qh8+ Kg6 48. Qh5+ Kg7 49. Qg4+ Kf8 50. Rxe4 Qc1+ 51. Kh2 d2 52. Rd4 Qc7+
53. Qg3 1-0

[Event "Mundial Juvenil femenino 2005 s18"]
[Site "Belfort FRA"]
[Date "2005.07.28"]
[Round "9.10"]
[White "Smith, Olivia"]
[Black "Gilbert, Jessie"]
[Result "0-1"]
[WhiteElo "1955"]
[BlackElo "2151"]
[PlyCount "100"]
[EventDate "2005.07.19"]
[EventType "swiss"]
[EventRounds "11"]
[EventCountry "FRA"]
[Source "lmi"]
[SourceDate "2005.07.31"]

1. e4 g6 2. d4 Bg7 3. Nf3 d6 4. Nc3 a6 5. Be3 b5 6. Bd3 Bb7 7. Qd2 Nd7 8. a3 c5
9. d5 Ngf6 10. Bh6 O-O 11. h4 e6 12. Bxg7 Kxg7 13. dxe6 fxe6 14. h5 Nxh5 15.
Ng5 Qf6 16. g4 Ne5 17. O-O-O h6 18. Nxe6+ Qxe6 19. gxh5 g5 20. Rhf1 Nf3 21. Qe3
b4 22. axb4 cxb4 23. Qb6 bxc3 24. Qxb7+ Rf7 25. Qb4 cxb2+ 26. Qxb2+ Qe5 27. Bc4
Rc7 28. Bb3 Rb8 29. Rxd6 Rxb3 30. Rg6+ Kh7 31. Qxb3 Qa1+ 32. Qb1 Qxb1+ 33. Kxb1
Nd2+ 34. Kb2 Nxf1 35. Rxa6 Re7 36. f3 Rf7 37. e5 Rxf3 38. e6 Re3 39. Ra7+ Kg8
40. Ra8+ Kg7 41. Ra7+ Kf6 42. Rf7+ Kxe6 43. Rxf1 g4 44. Rf8 Rh3 45. Rg8 Kf5 46.
c4 Rxh5 47. Kc3 Rg5 48. Rxg5+ Kxg5 49. Kd3 Kf6 50. Ke4 Ke6 0-1

[Event "Mundial Juvenil femenino 2005 s18"]
[Site "Belfort FRA"]
[Date "2005.07.28"]
[Round "9.11"]
[White "Stefan, Elisabeta-Elena"]
[Black "Pourkashiyan, Atousa"]
[Result "0-1"]
[WhiteElo "2105"]
[BlackElo "2261"]
[PlyCount "136"]
[EventDate "2005.07.19"]
[EventType "swiss"]
[EventRounds "11"]
[EventCountry "FRA"]
[Source "lmi"]
[SourceDate "2005.07.31"]

1. e4 e5 2. Bc4 Nf6 3. d3 Nc6 4. Nf3 Bc5 5. Nc3 d6 6. Bg5 h6 7. Bxf6 Qxf6 8.
Nd5 Qd8 9. c3 a6 10. d4 exd4 11. cxd4 Ba7 12. h3 O-O 13. O-O Ne7 14. Rc1 Nxd5
15. Bxd5 c6 16. Bb3 Qf6 17. Qd3 Qg6 18. Bc2 Re8 19. Rce1 Be6 20. Bb1 Rad8 21.
Qc3 Qh5 22. Nh2 Qb5 23. b3 a5 24. Rd1 Qb4 25. Qd3 g6 26. Kh1 d5 27. e5 Bf5 28.
Qe3 Bxb1 29. a3 Qxa3 30. Rxb1 Qb4 31. Rbd1 h5 32. Qf4 c5 33. g4 h4 34. g5 cxd4
35. Ng4 Re7 36. Nh6+ Kg7 37. Qf6+ Kh7 38. Qf4 d3 39. Qxb4 axb4 40. Ng4 Rc7 41.
Rxd3 d4 42. Kg2 Rc3 43. Rfd1 Rdc8 44. Nf6+ Kg7 45. Nd5 Rxd3 46. Rxd3 Bc5 47.
Kf3 Ra8 48. Nf6 Ra2 49. Ne4 b6 50. Kg4 Rc2 51. Kf3 Kf8 52. Nd2 Ke7 53. Ke4 Ke6
54. f4 Rb2 55. Kf3 Kf5 56. Nf1 Rc2 57. Nd2 Rc3 58. Ke2 Kxf4 59. Nc4 Rxd3 60.
Kxd3 Kxg5 61. Ke4 d3 62. Kxd3 Kf5 63. Kd2 b5 64. Nb2 Kxe5 65. Nd3+ Kd4 66. Nf4
Bd6 67. Ne2+ Ke4 68. Kc2 Kf3 0-1

[Event "Mundial Juvenil femenino 2005 s18"]
[Site "Belfort FRA"]
[Date "2005.07.28"]
[Round "9.12"]
[White "Vinuthna, N."]
[Black "Choisy, Mathilde"]
[Result "0-1"]
[WhiteElo "2268"]
[BlackElo "2113"]
[PlyCount "104"]
[EventDate "2005.07.19"]
[EventType "swiss"]
[EventRounds "11"]
[EventCountry "FRA"]
[Source "lmi"]
[SourceDate "2005.07.31"]

1. e4 c5 2. Nf3 d6 3. d4 cxd4 4. Nxd4 Nf6 5. Nc3 a6 6. Be2 e6 7. O-O Be7 8. Be3
O-O 9. f4 Nc6 10. Kh1 Bd7 11. Qe1 Nxd4 12. Bxd4 b5 13. a3 Bc6 14. Qg3 Qb8 15.
Bd3 b4 16. axb4 Qxb4 17. Ne2 Rfd8 18. e5 Ne4 19. Qe3 Qb7 20. Rae1 Rac8 21. Qh3
g6 22. Nc3 Nxc3 23. Bxc3 Bb5 24. exd6 Bxd6 25. Be4 Bc6 26. Bxc6 Rxc6 27. Rf3 h5
28. Rg3 Kh7 29. Qh4 Be7 30. Qh3 Bb4 31. Qh4 Bxc3 32. bxc3 Rd2 33. h3 Rxc3 34.
Rg5 Rcxc2 35. Ree5 Kg7 36. Qg3 Rxg2 37. Qxg2 Rxg2 38. Rxg2 Qf3 39. Ree2 Qf1+
40. Kh2 Qxf4+ 41. Kg1 a5 42. Ref2 Qd4 43. Kh2 e5 44. Ra2 a4 45. Ra3 Kh6 46.
Rga2 Qf4+ 47. Kh1 f5 48. Rxa4 e4 49. Ra6 h4 50. R6a3 Qf1+ 51. Kh2 e3 52. Rg2 e2
0-1

[Event "Mundial Juvenil femenino 2005 s18"]
[Site "Belfort FRA"]
[Date "2005.07.28"]
[Round "9.13"]
[White "Vega Gutierrez, Sabrina"]
[Black "Bayaraa, Zorigt"]
[Result "1-0"]
[WhiteElo "2262"]
[BlackElo "2061"]
[PlyCount "47"]
[EventDate "2005.07.19"]
[EventType "swiss"]
[EventRounds "11"]
[EventCountry "FRA"]
[Source "lmi"]
[SourceDate "2005.07.31"]

1. e4 c5 2. Nf3 d6 3. d4 cxd4 4. Qxd4 Nc6 5. Bb5 Bd7 6. Bxc6 Bxc6 7. Nc3 Nf6 8.
Bg5 e6 9. O-O-O Be7 10. Rhe1 O-O 11. Kb1 Qc7 12. Qd2 Rfd8 13. Nd4 a6 14. f3 b5
15. g4 Re8 16. Rg1 b4 17. Nce2 a5 18. Ng3 d5 19. e5 Nxg4 20. Bxe7 Qxe7 21. Nh5
Nxe5 22. Rxg7+ Kf8 23. Qh6 Qd6 24. Rxf7+ 1-0

[Event "Mundial Juvenil femenino 2005 s18"]
[Site "Belfort FRA"]
[Date "2005.07.28"]
[Round "9.14"]
[White "Savtchenko, Viktoria"]
[Black "Mar, Karmen"]
[Result "1/2-1/2"]
[WhiteElo "2202"]
[BlackElo "2134"]
[PlyCount "119"]
[EventDate "2005.07.19"]
[EventType "swiss"]
[EventRounds "11"]
[EventCountry "FRA"]
[Source "lmi"]
[SourceDate "2005.07.31"]

1. e4 c5 2. Nc3 e6 3. Nf3 d6 4. d4 cxd4 5. Nxd4 Nf6 6. Bc4 Be7 7. Be3 O-O 8. f4
d5 9. exd5 exd5 10. Be2 Nc6 11. O-O Re8 12. Bf2 Ne4 13. Nxe4 dxe4 14. Nxc6 bxc6
15. c3 Qa5 16. Kh1 Rb8 17. Qc2 Bd6 18. Be3 f5 19. b4 Qc7 20. Qa4 Be6 21. Qxa7
Qxa7 22. Bxa7 Ra8 23. Be3 Ra3 24. Rfd1 Be7 25. Bd4 Rea8 26. Rd2 Kf7 27. Kg1 g6
28. Kf1 Rxa2 29. Rdxa2 Rxa2 30. Rxa2 Bxa2 31. Ba6 Ke8 32. Ke2 Kd7 33. Ke3 Bf7
34. g3 g5 35. Be5 g4 36. Kd4 h5 37. Be2 h4 38. gxh4 Bxh4 39. Ke3 Be7 40. Bd4
Kc7 41. Bc5 Bxc5+ 42. bxc5 Kd7 43. Kd4 Ke6 44. Ba6 Be8 45. Bc8+ Bd7 46. Bb7 Kf6
47. Ba6 Be6 48. Be2 Bf7 49. c4 Be6 50. Bf1 Bd7 51. Ke3 Kg6 52. Kd4 Kf6 53. Ke3
Kg6 54. Kf2 Be6 55. Kg3 Kh5 56. h3 gxh3 57. Kxh3 Bf7 58. Be2+ Kh6 59. Kh4 Be8
60. Bd1 1/2-1/2

[Event "Mundial Juvenil femenino 2005 s18"]
[Site "Belfort FRA"]
[Date "2005.07.28"]
[Round "9.15"]
[White "Ross, Laura"]
[Black "Isgandarova, Khayala"]
[Result "0-1"]
[WhiteElo "2170"]
[BlackElo "2037"]
[PlyCount "44"]
[EventDate "2005.07.19"]
[EventType "swiss"]
[EventRounds "11"]
[EventCountry "FRA"]
[Source "lmi"]
[SourceDate "2005.07.31"]

1. e4 e6 2. d4 d5 3. e5 c5 4. c3 Nc6 5. Nf3 Qb6 6. a3 c4 7. Nbd2 f6 8. exf6
Nxf6 9. b3 cxb3 10. Rb1 Bd6 11. Rxb3 Qc7 12. Bb5 O-O 13. Qc2 e5 14. dxe5 Bxe5
15. Bxc6 bxc6 16. O-O Ba6 17. Re1 Ng4 18. g3 Rae8 19. Kg2 Bxg3 20. Rxe8 Rxe8
21. Ng5 g6 22. Nde4 Bxf2 0-1

[Event "Mundial Juvenil femenino 2005 s18"]
[Site "Belfort FRA"]
[Date "2005.07.28"]
[Round "9.16"]
[White "Martirosyan, Lia"]
[Black "Swaminathan, Soumya"]
[Result "0-1"]
[WhiteElo "2120"]
[BlackElo "2166"]
[PlyCount "94"]
[EventDate "2005.07.19"]
[EventType "swiss"]
[EventRounds "11"]
[EventCountry "FRA"]
[Source "lmi"]
[SourceDate "2005.07.31"]

1. d4 Nf6 2. Nf3 g6 3. Bg5 Bg7 4. Nbd2 d6 5. e4 c5 6. c3 Qc7 7. Be2 Nbd7 8. O-O
e6 9. Re1 O-O 10. Bf1 h6 11. Bh4 g5 12. Bg3 Nh5 13. dxc5 Nxc5 14. b4 Nxg3 15.
hxg3 Nd7 16. Rc1 Rd8 17. Qb3 Nf6 18. c4 b6 19. Nb1 Bb7 20. Nc3 Rac8 21. Rcd1 a6
22. a4 Nd7 23. Nd2 g4 24. f4 gxf3 25. gxf3 d5 26. Kg2 dxc4 27. Qc2 Ne5 28. b5
Nd3 29. Re2 Qe5 30. Ndb1 Qg5 31. Qd2 Qg6 32. Kh2 Be5 33. f4 Qh5+ 34. Bh3 Nxf4
35. Qxd8+ Rxd8 36. Rxd8+ Kh7 37. gxf4 Bxf4+ 38. Kg2 Qg5+ 39. Kf1 Qxd8 40. Bg2
Qd3 41. bxa6 Bxa6 42. e5 Kg7 43. Be4 Qh3+ 44. Bg2 Qh5 45. Rb2 Qxe5 46. Rxb6 Qe3
47. Rxa6 Bg3 0-1

[Event "Mundial Juvenil femenino 2005 s18"]
[Site "Belfort FRA"]
[Date "2005.07.28"]
[Round "9.17"]
[White "Untila, Stela"]
[Black "Savurko, Alexandra"]
[Result "0-1"]
[WhiteElo "2065"]
[BlackElo "2138"]
[PlyCount "58"]
[EventDate "2005.07.19"]
[EventType "swiss"]
[EventRounds "11"]
[EventCountry "FRA"]
[Source "lmi"]
[SourceDate "2005.07.31"]

1. c4 e6 2. Nc3 f5 3. d4 Nf6 4. g3 Bb4 5. Bg2 O-O 6. Nf3 d6 7. O-O Qe7 8. Na4
c6 9. a3 Ba5 10. b4 Bc7 11. Bb2 e5 12. c5 e4 13. cxd6 Bxd6 14. Nd2 Be6 15. e3
Bd5 16. Nc3 a6 17. Qc2 Nbd7 18. Rae1 Rae8 19. Bc1 Ng4 20. f3 Nxh2 21. fxe4 Nxf1
22. Rxf1 fxe4 23. Rxf8+ Rxf8 24. Ndxe4 Bb8 25. Nxd5 cxd5 26. Nc5 Nxc5 27. Qxc5
Qf6 28. Bxd5+ Kh8 29. Qc2 Qf1+ 0-1

[Event "Mundial Juvenil femenino 2005 s18"]
[Site "Belfort FRA"]
[Date "2005.07.28"]
[Round "9.18"]
[White "Berke, Ana"]
[Black "Morales Mendoza, Luciana"]
[Result "0-1"]
[WhiteElo "2037"]
[BlackElo "2149"]
[PlyCount "96"]
[EventDate "2005.07.19"]
[EventType "swiss"]
[EventRounds "11"]
[EventCountry "FRA"]
[Source "lmi"]
[SourceDate "2005.07.31"]

1. e4 c5 2. c3 g6 3. Nf3 Bg7 4. d4 cxd4 5. Bc4 dxc3 6. Nxc3 Nc6 7. O-O Nf6 8.
Qe2 d6 9. Rd1 Bg4 10. Bf4 O-O 11. Qe3 Qb6 12. Qxb6 axb6 13. Be3 Rfc8 14. Rac1
Nd7 15. Nd5 Kf8 16. Nxb6 Nxb6 17. Bxb6 Bxb2 18. Rb1 Bf6 19. Be3 Kg7 20. Bd5 e6
21. Bxc6 Rxc6 22. Rxb7 Rxa2 23. h3 Bxf3 24. gxf3 Ra1 25. Rxa1 Bxa1 26. Rd7 Be5
27. Kg2 h5 28. f4 Bb2 29. Kf3 Kf6 30. Bd2 e5 31. fxe5+ Bxe5 32. Rd8 Ra6 33. h4
Ke7 34. Rc8 Ra3+ 35. Be3 Bf6 36. Kg3 Bd4 37. Kf4 Bxe3+ 38. fxe3 Ra4 39. Rc7+
Ke6 40. Rc6 f5 41. Kg5 Rxe4 42. Kxg6 Rxh4 43. Kg5 Re4 44. Rc3 h4 45. Rc2 Rg4+
46. Kh5 Ke5 47. Rd2 h3 48. e4 Rxe4 0-1

[Event "Mundial Juvenil femenino 2005 s18"]
[Site "Belfort FRA"]
[Date "2005.07.29"]
[Round "10.2"]
[White "Zawadzka, Jolanta"]
[Black "Majdan, Joanna"]
[Result "0-1"]
[WhiteElo "2402"]
[BlackElo "2219"]
[PlyCount "94"]
[EventDate "2005.07.19"]
[EventType "swiss"]
[EventRounds "11"]
[EventCountry "FRA"]
[Source "lmi"]
[SourceDate "2005.07.31"]

1. e4 c5 2. Nf3 Nc6 3. d4 cxd4 4. Nxd4 Nf6 5. Nc3 d6 6. Bg5 e6 7. Qd2 a6 8.
O-O-O Bd7 9. f3 Be7 10. h4 h6 11. Be3 h5 12. Kb1 Ne5 13. Bd3 b5 14. Rhe1 b4 15.
Nce2 Rb8 16. Bg5 a5 17. f4 Neg4 18. Ng3 Qb6 19. Bc4 Ng8 20. Bf1 Qd8 21. Nf3 Ra8
22. Nd4 N4f6 23. Bxf6 Nxf6 24. Kc1 Bf8 25. Kb1 Be7 26. Bd3 Rb8 27. Nge2 Qb6 28.
Ng3 Rc8 29. Bc4 Rc5 30. b3 Bf8 31. Qd3 e5 32. fxe5 dxe5 33. Nf3 Be7 34. Qd2 Rc7
35. Rf1 Qc5 36. Qe2 O-O 37. Ng5 g6 38. Rf3 Kg7 39. Nf1 Qc6 40. Qe3 Ng4 41. Qd2
Bxg5 42. Qxg5 Qxe4 43. Rd6 Rxc4 44. bxc4 Bf5 45. Qd2 Rc8 46. Qd3 Rxc4 47. Qd1
Bc8 0-1